Gaming Quiz

Random Gaming or Pokémon Quiz

Jumbled Pokémon Adventure Quiz Stats

 Plays Quiz not verified by Sporcle

Challenge
Share
Tweet
Score 0/31 Timer 08:00
0 Plays Today
% Correct
Onix (N)
85.4%
Zubat (T)
82.4%
Machop (O)
76.9%
Magikarp (P)
75.6%
Tyranitar (Y)
69.9%
Magcargo (A)
66%
Gyarados (A)
61.5%
Pelipper (L)
56.4%
Trubbish (T)
48.1%
Burmy (M)
46.5%
Azurill (A)
45%
♋ Ponyta (Y) ♋
43.5%
Aron (N)
42.9%
Staravia (I)
42.5%
Kingdra (N)
41.4%
Pineco (P)
41.2%
% Correct
Munna (A)
41.2%
Rotom (O)
37.3%
Ampharos (H)
37%
♋ Phanpy (P) ♋
34.6%
Corphish (I)
29.8%
Electivire (T)
28%
Breloom (R)
23.1%
♋ Lairon (O) ♋
21.2%
Sewaddle (D)
21.1%
Panpour (U)
16.9%
Emboar (R)
14.4%
♋ Mothim (H) ♋
14.3%
Mesprit (M)
14%
♋ Durant (N) ♋
12.3%
♋ Congratulations! ♋
8%

You're not logged in!

Compare scores with friends on all Sporcle quizzes.
OR
Log In

You Might Also Like...

Show Comments

Extras

Curator's Pick Jan 22, 2013ReportNominate
Tags:Letter Quiz, Pokémon Quiz, scramble

Top Quizzes Today


Score Distribution

Your Account Isn't Verified!

In order to create a playlist on Sporcle, you need to verify the email address you used during registration. Go to your Sporcle Settings to finish the process.

Report this User

Report this user for behavior that violates our Community Guidelines.

Details: